Capitales qui ne contiennent que la lettre A par ordre alphabétique. - Statistiques

Statistiques générales
  • Ce quiz a été pris 53 fois
  • Le résultat moyen est 11 sur 13
Statistiques - réponses
Hint Réponse % Correct
Turquie Ankara
98%
Irak Bagdad
94%
Bangladesh Dacca
92%
Venezuela Caracas
90%
Sénégal Dakar
88%
Bolivie La paz
88%
Jordanie Amman
85%
Kazahstan Astana
85%
Ghana Accra
75%
Bahreïn Manama
73%
Erythrée Asmara
71%
Ouganda Kampala
67%
Le pays et la capitale portent le même nom Panama
63%
Aucun quiz correspondant
Distribution des résultats
% des personnes avec chaque résultat
Percentile par nombre de réponses
Votre historique - résultats
Vous n’avez pas pris ce quiz